00603nam a22001817a 450000500170000000800410001702000180005804000130007605000220008910000230011124500570013425000650019126000580025630000450031450000220035965000200038170000200040120221229071139.0221229b |||||||| |||| 00| 0 eng d a9781408021262 aKMUcKMU aHB 171.5 Man 2010 aMankiw, N. Gregory aEconomics /cby N. Gregory Mankiw and Mark P. Taylor aSpecial editionbwith coverage of the world financial crisis aAustralia ;bSouth-Western Cengage Learning ,c2010 . axxiv,916 pages :bIllustration ;c27 cm. aIncludes an index 2OclcaEconomics aTaylor, Mark P.